Coping strategies, housing careers and households with negative equity (Record no. 32585)

000 -LEADER
fixed length control field 00449pab a2200169 454500
008 - FIXED-LENGTH DATA ELEMENTS--GENERAL INFORMATION
fixed length control field 180718b1996 xxu||||| |||| 00| 0 eng d
100 ## - MAIN ENTRY--PERSONAL NAME
Personal name Forrest, Ray
245 ## - TITLE STATEMENT
Title Coping strategies, housing careers and households with negative equity
260 ## - PUBLICATION, DISTRIBUTION, ETC.
Date of publication, distribution, etc. 1996
300 ## - PHYSICAL DESCRIPTION
Extent p.369-94
362 ## - DATES OF PUBLICATION AND/OR SEQUENTIAL DESIGNATION
Dates of publication and/or sequential designation July
650 ## - SUBJECT ADDED ENTRY--TOPICAL TERM
Topical term or geographic name entry element Housing - Great Britain
650 ## - SUBJECT ADDED ENTRY--TOPICAL TERM
Topical term or geographic name entry element Housing
700 ## - ADDED ENTRY--PERSONAL NAME
Personal name Kennett, Tricia
773 ## - HOST ITEM ENTRY
Main entry heading Journal of Social Policy
909 ## -
-- 32585
Holdings
Withdrawn status Lost status Damaged status Not for loan Permanent Location Current Location Date acquired Serial Enumeration / chronology Barcode Date last seen Price effective from Koha item type
        Indian Institute of Public Administration Indian Institute of Public Administration 2018-07-19 Volume no: 25, Issue no: 3 AR32781 2018-07-19 2018-07-19 Articles

Powered by Koha